[Event "Barcelona Sant Marti op-A 25th"]
[Site "Barcelona"]
[Date "2025.07.21"]
[Round "9"]
[White "Harshit, Ranjan Sahu"]
[Black "Khusenkhojaev, Muhammad"]
[Result "1-0"]
[WhiteElo "2163"]
[BlackElo "2351"]
[PlyCount "107"]
[EventDate "2025.07.13"]
[EventType "swiss"]
[EventRounds "9"]
[EventCountry "ESP"]
[SourceTitle "CB30_2025"]
[SourceDate "2025.07.23"]
[SourceVersion "1"]
[SourceVersionDate "2025.07.23"]
[SourceQuality "1"]

1. e4 e5 2. Nf3 Nc6 3. d4 exd4 4. Bc4 Bc5 5. c3 Nf6 6. e5 d5 7. Bb5 Ne4 8. cxd4 Bb6 9. Nc3 0-0 10. Be3 Bg4 11. h3 Bh5 12. Qc2 Bg6 13. Qb3 Ne7 14. 0-0 c6 15. Bd3 Nf5 16. Qc2 Nxe3 17. fxe3 Nxc3 18. bxc3 Bxd3 19. Qxd3 f6 20. c4 Bc7 21. cxd5 Qxd5 22. e4 Qb5 23. Qxb5 cxb5 24. e6 Bd6 25. d5 Rac8 26. Nd4 Rc4 27. Nf5 Bc5+ 28. Kh1 g6 29. Nh6+ Kg7 30. Nf7 Rxe4 31. Rae1 Rxe1 32. Rxe1 Rxf7 33. exf7 Kxf7 34. g4 b4 35. Kg2 a5 36. Kf3 a4 37. Ke4 Bd6 38. Kd3 f5 39. gxf5 gxf5 40. Re6 b3 41. axb3 a3 42. Kc2 f4 43. Kb1 Be7 44. Ka2 Bg5 45. Re1 Kf6 46. d6 Kf5 47. Rg1 Bf6 48. d7 f3 49. Re1 Kf4 50. Re8 Bh4 51. Rh8 f2 52. Rxh7 Bg5 53. h4 Bd8 54. Rf7+ 1-0

[Event "New Delhi op 21st"]
[Site "New Delhi"]
[Date "2025.06.12"]
[Round "8"]
[White "Deepan Chakkravarthy, J."]
[Black "Harshit, Ranjan Sahu"]
[Result "1-0"]
[WhiteElo "2410"]
[BlackElo "2191"]
[PlyCount "90"]
[EventDate "2025.06.07"]
[EventType "swiss"]
[EventRounds "10"]
[EventCountry "IND"]
[SourceTitle "CB26_2025"]
[SourceDate "2025.06.25"]
[SourceVersion "1"]
[SourceVersionDate "2025.06.25"]
[SourceQuality "1"]

1. d4 Nf6 2. Nf3 g6 3. Bg5 Bg7 4. Nbd2 0-0 5. c3 d6 6. e4 Qe8 7. Bc4 Nc6 8. 0-0 e5 9. Re1 h6 10. Bh4 exd4 11. cxd4 Nh5 12. e5 dxe5 13. Nxe5 Nxe5 14. dxe5 Qc6 15. Rc1 Qb6 16. Be7 Re8 17. Bc5 Qc6 18. Be3 Qd7 19. f4 c6 20. Ne4 Qxd1 21. Rcxd1 Bg4 22. Nd6 Re7 23. Rd4 Bf8 24. h3 Be6 25. Bxe6 fxe6 26. g4 Ng7 27. Red1 Ne8 28. Nxe8 Raxe8 29. Kg2 a6 30. Kf3 Rf7 31. Rd8 Rxd8 32. Rxd8 Kg7 33. Ke4 Bb4 34. a3 Bf8 35. b4 Rc7 36. Bb6 Rf7 37. Bc5 Bxc5 38. bxc5 Re7 39. Rd6 Kh7 40. h4 Kg7 41. h5 gxh5 42. gxh5 Kh7 43. f5 exf5+ 44. Kxf5 Rg7 45. e6 Rg5+ 1-0

[Event "Bhubaneswar op 16th"]
[Site "Bhubaneswar"]
[Date "2025.05.12"]
[Round "5"]
[White "Harshit, Ranjan Sahu"]
[Black "Nidhish, Shyamal"]
[Result "1-0"]
[WhiteElo "2214"]
[BlackElo "1855"]
[PlyCount "57"]
[EventDate "2025.05.09"]
[EventType "swiss"]
[EventRounds "10"]
[EventCountry "IND"]
[SourceTitle "CB21_2025"]
[SourceDate "2025.05.21"]
[SourceVersion "1"]
[SourceVersionDate "2025.05.21"]
[SourceQuality "1"]

1. e4 c5 2. Nf3 d6 3. d4 cxd4 4. Nxd4 Nf6 5. Nc3 a6 6. f3 e5 7. Nb3 Be7 8. Be3 Be6 9. Qd2 Nbd7 10. g4 b5 11. g5 Nh5 12. 0-0-0 Nb6 13. Na5 Qc7 14. Nd5 Nxd5 15. exd5 Bd7 16. Bd3 0-0 17. Rhg1 Rac8 18. Kb1 Bd8 19. Nc6 Kh8 20. Nxd8 Rcxd8 21. f4 Rde8 22. fxe5 dxe5 23. Rdf1 f5 24. gxf6 Nxf6 25. Rxg7 e4 26. Bd4 exd3 27. Qh6 dxc2+ 28. Kc1 Bf5 29. Rxc7 1-0

[Event "Maharashtra op 3rd"]
[Site "Hadapsar"]
[Date "2025.04.21"]
[Round "2"]
[White "Harshit, Ranjan Sahu"]
[Black "Wagh, Suyog"]
[Result "1/2-1/2"]
[WhiteElo "2140"]
[BlackElo "2289"]
[PlyCount "28"]
[EventDate "2025.04.20"]
[EventType "swiss"]
[EventRounds "10"]
[EventCountry "IND"]
[SourceTitle "CB18_2025"]
[SourceDate "2025.04.30"]
[SourceVersion "1"]
[SourceVersionDate "2025.04.30"]
[SourceQuality "1"]

1. e4 c6 2. d4 d5 3. exd5 cxd5 4. Bd3 Nf6 5. c3 Bg4 6. Qc2 Nc6 7. Bf4 e6 8. h3 Bh5 9. Nd2 Bd6 10. Bxd6 Qxd6 11. Ngf3 0-0 12. 0-0 Rfc8 13. Qb3 Rab8 14. a4 Qc7 1/2-1/2

[Event "IND-chT 44th"]
[Site "Ahmedabad"]
[Date "2025.03.06"]
[Round "3.4"]
[White "Sai Agni, Jeevitesh J"]
[Black "Harshit, Ranjan Sahu"]
[Result "1/2-1/2"]
[WhiteElo "2312"]
[BlackElo "2146"]
[PlyCount "70"]
[EventDate "2025.03.05"]
[EventType "team-swiss"]
[EventRounds "9"]
[EventCountry "IND"]
[SourceTitle "CB12_2025"]
[SourceDate "2025.03.19"]
[SourceVersion "1"]
[SourceVersionDate "2025.03.19"]
[SourceQuality "1"]
[WhiteTeam "Telangana"]
[BlackTeam "Odisha II"]
[WhiteTeamCountry "IND"]
[BlackTeamCountry "IND"]

1. d4 Nf6 2. Bg5 g6 3. Bxf6 exf6 4. c4 Bg7 5. Nc3 0-0 6. g3 f5 7. e3 Re8 8. Nge2 d6 9. Bg2 Nd7 10. 0-0 Nf6 11. Qd3 h5 12. h4 Ng4 13. Nf4 c6 14. b4 g5 15. Nxh5 gxh4 16. Nxg7 Kxg7 17. e4 Qg5 18. gxh4 Qxh4 19. Qg3 Qg5 20. exf5 Bxf5 21. Rae1 Qg6 22. Bf3 Rh8 23. Bxg4 Bxg4 24. f3 Rh3 25. Qg2 Rah8 26. fxg4 Rxc3 27. Re7 Rhh3 28. Rexf7+ Qxf7 29. Rxf7+ Kxf7 30. Qe4 Rcf3 31. d5 Rhg3+ 32. Kh2 Rh3+ 33. Kg2 Rhg3+ 34. Kh2 Rh3+ 35. Kg2 Rhg3+ 1/2-1/2

[Event "Bhubaneswar op-A 15th"]
[Site "Bhubaneswar"]
[Date "2024.12.05"]
[Round "5"]
[White "Das, Sayantan"]
[Black "Harshit, Ranjan Sahu"]
[Result "1-0"]
[WhiteElo "2437"]
[BlackElo "2210"]
[PlyCount "87"]
[EventDate "2024.12.02"]
[EventType "swiss"]
[EventRounds "10"]
[EventCountry "IND"]
[SourceTitle "CB50_2024"]
[SourceDate "2024.11.01"]
[SourceVersion "1"]
[SourceVersionDate "2024.11.01"]
[SourceQuality "2"]

1. Nf3 Nf6 2. b3 g6 3. Bb2 Bg7 4. g3 0-0 5. Bg2 d6 6. d4 Nc6 7. 0-0 Bd7 8. d5 Nb8 9. c4 Qc8 10. Re1 e5 11. dxe6 Bxe6 12. Nd4 Bh3 13. Bh1 Nbd7 14. Nc3 Re8 15. Qc2 a5 16. Na4 h5 17. Nb5 Ne5 18. Rad1 Bf5 19. Qc1 Be4 20. f3 Bc6 21. Bd4 h4 22. Bg2 hxg3 23. hxg3 Nh5 24. Bf2 Kh7 25. Nac3 Bh6 26. Qc2 Qd7 27. Nd4 Qd8 28. c5 f5 29. Nxf5 Qg5 30. Nxh6 Nxg3 31. Nd5 Nh5 32. Be3 Qg3 33. Nf5 gxf5 34. Qxf5+ Kg7 35. Bf2 Qg6 36. Qxg6+ Nxg6 37. Nxc7 dxc5 38. Bxc5 Nhf4 39. Nxa8 Rxa8 40. Kf2 Nh4 41. Bf1 Kf7 42. Bd6 Nd5 43. e4 Nc3 44. Rd2 1-0

[Event "Jaipur op 1st"]
[Site "Jaipur"]
[Date "2024.05.30"]
[Round "4"]
[White "Harshit, Ranjan Sahu"]
[Black "Jain, Hitansh"]
[Result "1-0"]
[WhiteElo "1947"]
[BlackElo "1737"]
[PlyCount "89"]
[EventDate "2024.05.29"]
[EventType "swiss"]
[EventRounds "9"]
[EventCountry "IND"]
[SourceTitle "CBM 220 Extra"]
[Source "ChessBase"]
[SourceDate "2024.07.31"]
[SourceVersion "1"]
[SourceVersionDate "2024.07.31"]
[SourceQuality "1"]

1. e4 c6 2. d4 d5 3. e5 Bf5 4. Ne2 e6 5. Ng3 Bg6 6. h4 h5 7. Bd3 Bxd3 8. cxd3 Nd7 9. Be3 c5 10. dxc5 Nxe5 11. d4 Nc6 12. Nc3 Be7 13. Nxh5 g6 14. Nf4 Rxh4 15. Rxh4 Bxh4 16. Qe2 Be7 17. 0-0-0 Qd7 18. Nd3 a6 19. Kb1 Bf6 20. Qg4 Rd8 21. Qf4 Qe7 22. Ne5 Bg7 23. Nxc6 bxc6 24. Qg3 Rc8 25. Bg5 Bf6 26. Bf4 Bg7 27. Qd3 Ra8 28. Na4 Qh4 29. g3 Qg4 30. Nb6 Rd8 31. Bc7 Qf5 32. Qxf5 gxf5 33. Bxd8 Kxd8 34. Kc2 Nf6 35. f3 Nh5 36. g4 Nf4 37. gxf5 Ne2 38. fxe6 Nxd4+ 39. Kd3 fxe6 40. Rg1 Nf5 41. b4 Kc7 42. Rg6 a5 43. bxa5 Bd4 44. a6 Kb8 45. Rg8+ 1-0

[Event "Pune Blitz op 13th"]
[Site "Pune"]
[Date "2024.05.22"]
[Round "5"]
[White "Wagh, Suyog"]
[Black "Harshit, Ranjan Sahu"]
[Result "1-0"]
[WhiteElo "2330"]
[BlackElo "1842"]
[PlyCount "87"]
[EventDate "2024.05.22"]
[EventType "swiss (blitz)"]
[EventRounds "9"]
[EventCountry "IND"]
[SourceTitle "CBM 220 Extra"]
[Source "ChessBase"]
[SourceDate "2024.07.31"]
[SourceVersion "1"]
[SourceVersionDate "2024.07.31"]
[SourceQuality "1"]

1. d4 Nf6 2. c4 g6 3. g3 Bg7 4. Bg2 d6 5. Nc3 0-0 6. Nf3 Nc6 7. Bf4 Bd7 8. Rc1 Ne8 9. Qd2 e5 10. Bg5 f6 11. Be3 f5 12. dxe5 dxe5 13. Nd5 Be6 14. Ng5 Qd7 15. Nxe6 Qxe6 16. Nb6 Qe7 17. Nxa8 f4 18. Qd5+ Kh8 19. Bc5 Nd6 20. Nxc7 fxg3 21. Bxd6 Qg5 22. Bxf8 Qxc1+ 23. Qd1 gxf2+ 24. Kxf2 Qf4+ 25. Bf3 Bxf8 26. e3 Qf7 27. Nd5 e4 28. Kg2 exf3+ 29. Qxf3 Qe8 30. b3 Ne5 31. Qe4 Qe6 32. Rf1 Bg7 33. a4 h5 34. h3 Qd6 35. Rf2 Qa3 36. Nf4 Qd6 37. Qd5 Qb6 38. c5 Qa6 39. Ne6 Nd3 40. Rd2 Ne1+ 41. Kf2 Bc3 42. Kxe1 Bxd2+ 43. Kxd2 Qf1 44. Qe5+ 1-0

[Event "Pune op 10th"]
[Site "Pune"]
[Date "2024.05.21"]
[Round "8"]
[White "Harshit, Ranjan Sahu"]
[Black "Aronyak, Ghosh"]
[Result "0-1"]
[WhiteElo "1947"]
[BlackElo "2528"]
[PlyCount "154"]
[EventDate "2024.05.18"]
[EventType "swiss"]
[EventRounds "9"]
[EventCountry "IND"]
[SourceTitle "CBM 220 Extra"]
[Source "ChessBase"]
[SourceDate "2024.07.31"]
[SourceVersion "1"]
[SourceVersionDate "2024.07.31"]
[SourceQuality "1"]

1. e4 c6 2. d4 d5 3. Nc3 dxe4 4. Nxe4 Nf6 5. Nxf6+ exf6 6. Bf4 Qb6 7. Qe2+ Be6 8. c3 Be7 9. Nf3 0-0 10. Qd2 Rd8 11. Be2 c5 12. 0-0 Nc6 13. Be3 Qc7 14. Rfd1 c4 15. Qe1 b5 16. Nd2 Bd6 17. g3 Bd5 18. Bf3 Ne7 19. Bxd5 Nxd5 20. Qe2 Rac8 21. Rac1 Bf8 22. Re1 Qd7 23. a3 Qf5 24. Qf3 Qxf3 25. Nxf3 f5 26. Bd2 Bd6 27. Kg2 f6 28. h4 h5 29. Nh2 f4 30. Kf3 fxg3 31. fxg3 Kf7 32. Nf1 Re8 33. Bf4 Bf8 34. Ne3 Nb6 35. Rcd1 Na4 36. Rd2 Rcd8 37. Red1 Rd7 38. Rg2 a6 39. g4 hxg4+ 40. Nxg4 Nb6 41. h5 Nd5 42. Bd2 Rde7 43. Rdg1 Re6 44. Rh1 Bd6 45. Rhg1 Bf8 46. Rh1 a5 47. Rhg1 Rb6 48. Ne3 Nxe3 49. Bxe3 Rd6 50. Bf4 Rd7 51. Rg6 Rd5 52. h6 gxh6 53. Bxh6 Bxh6 54. Rxh6 Rf5+ 55. Kg2 Re2+ 56. Kh3 Rxb2 57. Rh7+ Ke6 58. Re1+ Kd6 59. Re8 Rg5 60. Rf7 Rf2 61. Re3 Rg6 62. Ra7 Rf5 63. Kh2 Rh5+ 64. Rh3 Rxh3+ 65. Kxh3 b4 66. Ra6+ Kd7 67. axb4 axb4 68. cxb4 Rg8 69. Rxf6 c3 70. Rf1 Kd6 71. Rc1 Rc8 72. b5 Kd5 73. b6 Kxd4 74. Kg3 Kd3 75. Rd1+ Ke2 76. Rh1 c2 77. b7 Rb8 0-1